00649pab a2200193 454500008004000000100001900040245011100059260000900170300001300179362001000192650003100202650002900233650002100262700001600283773002000299909001100319999001900330952010600349180718b2015 xxu||||| |||| 00| 0 eng d aLavakare, P.J. aEconomic and political impact of internationalisation of higher education in the Indian and global context c2015 ap.13-24. a7 Sep aEducational policy - India aHigher education - India aHigher education aPowar, K.B. aUniversity News a109150 c109145d109145 00104070aIIPAbIIPAd2018-07-19hVolume no: 53, Issue no: 36pAR109610r2018-07-19w2018-07-19yAR